JCT: intermediate building contract guide 2016 (Record no. 121433)
[ view plain ]
| 000 -LEADER | |
|---|---|
| fixed length control field | 01062aam a2200301 i 4500 |
| 001 - CONTROL NUMBER | |
| control field | 121433 |
| 005 - DATE AND TIME OF LATEST TRANSACTION | |
| control field | 20230404111008.0 |
| 008 - FIXED-LENGTH DATA ELEMENTS--GENERAL INFORMATION | |
| fixed length control field | 230404s2016 enk 000 0 eng c |
| 020 ## - INTERNATIONAL STANDARD BOOK NUMBER | |
| International Standard Book Number | 9780414054790 |
| Qualifying information | paperback |
| 040 ## - CATALOGING SOURCE | |
| Original cataloging agency | Uk |
| Language of cataloging | eng |
| Description conventions | rda |
| Transcribing agency | Uk |
| Modifying agency | WlAbNL |
| 041 ## - LANGUAGE CODE | |
| Language code of original | eng |
| 082 04 - DEWEY DECIMAL CLASSIFICATION NUMBER | |
| Classification number | 343.41078624 |
| Edition number | 23 |
| 245 00 - TITLE STATEMENT | |
| Title | JCT: intermediate building contract guide 2016 |
| Remainder of title | IC/G 2016 |
| 246 30 - VARYING FORM OF TITLE | |
| Title proper/short title | Intermediate building contract guide 2016 |
| 264 #1 - PRODUCTION, PUBLICATION, DISTRIBUTION, MANUFACTURE, AND COPYRIGHT NOTICE | |
| Place of production, publication, distribution, manufacture | London : |
| Name of producer, publisher, distributor, manufacturer | Thomson Reuters (Professional) UK Limited, trading as Sweet & Maxwell, |
| Date of production, publication, distribution, manufacture, or copyright notice | 2016. |
| 300 ## - PHYSICAL DESCRIPTION | |
| Extent | ii, 25 pages ; |
| Dimensions | 30 cm. |
| 336 ## - CONTENT TYPE | |
| Content type term | text |
| Content type code | txt |
| Source | rdacontent |
| 337 ## - MEDIA TYPE | |
| Media type term | unmediated |
| Media type code | n |
| Source | rdamedia |
| 338 ## - CARRIER TYPE | |
| Carrier type term | volume |
| Carrier type code | nc |
| Source | rdacarrier |
| 490 1# - SERIES STATEMENT | |
| Series statement | JCT Contracts 2016 |
| 500 ## - GENERAL NOTE | |
| General note | At head of title: JCT. |
| 610 20 - SUBJECT ADDED ENTRY--CORPORATE NAME | |
| Corporate name or jurisdiction name as entry element | Joint Contracts Tribunal. |
| 650 #0 - SUBJECT ADDED ENTRY--TOPICAL TERM | |
| Topical term or geographic name entry element | Construction contracts |
| Geographic subdivision | Great Britain. |
| 650 #0 - SUBJECT ADDED ENTRY--TOPICAL TERM | |
| Topical term or geographic name entry element | Buildings |
| General subdivision | Contracts and specifications |
| Geographic subdivision | Great Britain. |
| 710 2# - ADDED ENTRY--CORPORATE NAME | |
| Corporate name or jurisdiction name as entry element | Joint Contracts Tribunal, |
| Relator term | issuing body. |
| 830 #0 - SERIES ADDED ENTRY--UNIFORM TITLE | |
| Uniform title | Intermediate building contract. |
| Date of a work | 2016. |
| 942 ## - ADDED ENTRY ELEMENTS (KOHA) | |
| Source of classification or shelving scheme | Dewey Decimal Classification |
| Withdrawn status | Lost status | Source of classification or shelving scheme | Damaged status | Not for loan | Home library | Current library | Shelving location | Date acquired | Total Checkouts | Full call number | Date last seen | Price effective from | Koha item type |
|---|---|---|---|---|---|---|---|---|---|---|---|---|---|
| Dewey Decimal Classification | London | London | Boxed set | 04/04/2023 | JCT CONTRACTS | 04/04/2023 | 04/04/2023 | Book |